[Event "Fuerstenfeld U18 op 6th"]
[Site "Fuerstenfeld"]
[Date "2023.07.23"]
[Round "7"]
[White "Penker, Dominic"]
[Black "Heuchl, Raphael Hermann"]
[Result "1-0"]
[WhiteElo "1405"]
[BlackElo "1312"]
[PlyCount "49"]
[EventDate "2023.07.20"]
[EventType "swiss"]
[EventRounds "7"]
[EventCountry "AUT"]
[SourceTitle "CBM 215 Extra"]
[Source "ChessBase"]
[SourceDate "2023.09.30"]
[SourceVersion "1"]
[SourceVersionDate "2023.09.30"]
[SourceQuality "1"]

1. d4 Nf6 2. Bf4 d6 3. Nc3 g6 4. e4 Nbd7 5. Qd2 h6 6. 0-0-0 Bg7 7. Be2 Nb6 8. f3 Bd7 9. h4 Nh5 10. Be3 Ng3 11. Rh2 Nxe2+ 12. Ngxe2 Nc4 13. Qd3 Nxe3 14. Qxe3 c6 15. h5 g5 16. e5 Qc7 17. exd6 Qxd6 18. Rhh1 0-0-0 19. d5 Qe5 20. Qxa7 Qc7 21. Na4 Qb8 22. Qa5 Bf5 23. Nb6+ Kc7 24. dxc6 Kxc6 25. Nd5 1-0

[Event "Fuerstenfeld U18 op 6th"]
[Site "Fuerstenfeld"]
[Date "2023.07.22"]
[Round "5"]
[White "Penker, Dominic"]
[Black "Onipko, Mark"]
[Result "1/2-1/2"]
[WhiteElo "1405"]
[BlackElo "1671"]
[PlyCount "64"]
[EventDate "2023.07.20"]
[EventType "swiss"]
[EventRounds "7"]
[EventCountry "AUT"]
[SourceTitle "CBM 215 Extra"]
[Source "ChessBase"]
[SourceDate "2023.09.30"]
[SourceVersion "1"]
[SourceVersionDate "2023.09.30"]
[SourceQuality "1"]

1. d4 d5 2. Bf4 Bf5 3. Nf3 Nf6 4. e3 e6 5. Nbd2 Ne4 6. c3 Bd6 7. Bxd6 Qxd6 8. Nh4 Bg6 9. Nxe4 Bxe4 10. Nf3 c6 11. Bd3 Bxf3 12. Qxf3 Nd7 13. 0-0 f5 14. Kh1 Nf6 15. Rac1 h5 16. c4 h4 17. h3 g5 18. Bxf5 exf5 19. Qxf5 Ne4 20. cxd5 Qxd5 21. Qg6+ Qf7 22. Qxe4+ Kf8 23. Rc5 Rh6 24. Rxg5 Re8 25. Re5 Rxe5 26. Qxe5 Qxa2 27. Qf4+ Kg7 28. Qc7+ Qf7 29. Qe5+ Kh7 30. Qe4+ Qg6 31. Qe7+ Qg7 32. Qe4+ Qg6 1/2-1/2

[Event "Fuerstenfeld U18 op 6th"]
[Site "Fuerstenfeld"]
[Date "2023.07.22"]
[Round "4"]
[White "Seidl, Jakob"]
[Black "Penker, Dominic"]
[Result "0-1"]
[WhiteElo "1074"]
[BlackElo "1405"]
[PlyCount "58"]
[EventDate "2023.07.20"]
[EventType "swiss"]
[EventRounds "7"]
[EventCountry "AUT"]
[SourceTitle "CBM 215 Extra"]
[Source "ChessBase"]
[SourceDate "2023.09.30"]
[SourceVersion "1"]
[SourceVersionDate "2023.09.30"]
[SourceQuality "1"]

1. d4 b6 2. e4 e6 3. c4 Bb7 4. Nc3 Bb4 5. Bd3 f5 6. f3 fxe4 7. fxe4 Nf6 8. Qe2 Nxe4 9. Qc2 Qh4+ 10. Kf1 0-0+ 11. Nf3 Ng3+ 12. hxg3 Qxh1+ 13. Kf2 Bxf3 14. gxf3 Rxf3+ 15. Ke2 Qf1+ 16. Kd2 Rf2+ 17. Ke3 Rf3+ 18. Kd2 Qg2+ 19. Kd1 Qg1+ 20. Kd2 Rf2+ 21. Be2 Nc6 22. Qe4 Raf8 23. a3 Rxe2+ 24. Kxe2 Rf2+ 25. Kd3 Bxc3 26. Kxc3 Qxg3+ 27. Be3 Rf3 28. Kd2 Qg2+ 29. Kc3 Qe2 0-1

[Event "Fuerstenfeld U18 op 6th"]
[Site "Fuerstenfeld"]
[Date "2023.07.21"]
[Round "2"]
[White "Krassnig, Florian"]
[Black "Penker, Dominic"]
[Result "0-1"]
[WhiteElo "928"]
[BlackElo "1405"]
[PlyCount "80"]
[EventDate "2023.07.20"]
[EventType "swiss"]
[EventRounds "7"]
[EventCountry "AUT"]
[SourceTitle "CBM 215 Extra"]
[Source "ChessBase"]
[SourceDate "2023.09.30"]
[SourceVersion "1"]
[SourceVersionDate "2023.09.30"]
[SourceQuality "1"]

1. d4 b6 2. e4 e6 3. Nc3 Bb7 4. g3 Bb4 5. Nge2 Bxe4 6. Rg1 Nf6 7. a3 Bxc3+ 8. Nxc3 Bb7 9. Bg5 h6 10. Bxf6 Qxf6 11. Bg2 Bxg2 12. Rxg2 a6 13. Qd3 d5 14. 0-0-0 Nd7 15. Re1 b5 16. Nxd5 Qg5+ 17. Ne3 0-0 18. f4 Qe7 19. c4 bxc4 20. Qxc4 c5 21. Rc2 Rfc8 22. d5 exd5 23. Qxd5 Rab8 24. Ng2 Qd8 25. Rce2 Nf6 26. Qxd8+ Rxd8 27. Rc2 Rb5 28. Re5 Rc8 29. Ne1 Kh7 30. Nd3 c4 31. Rxb5 axb5 32. Nb4 Kg6 33. Kd2 Kf5 34. Ke3 Rd8 35. h3 Nd5+ 36. Nxd5 Rxd5 37. Rd2 Rxd2 38. Kxd2 Ke4 39. Ke2 f5 40. h4 h5 0-1

[Event "Fuerstenfeld U18 op 6th"]
[Site "Fuerstenfeld"]
[Date "2023.07.21"]
[Round "3"]
[White "Penker, Dominic"]
[Black "Schmied, Hagen Matthias"]
[Result "1-0"]
[WhiteElo "1405"]
[BlackElo "1145"]
[PlyCount "53"]
[EventDate "2023.07.20"]
[EventType "swiss"]
[EventRounds "7"]
[EventCountry "AUT"]
[SourceTitle "CBM 215 Extra"]
[Source "ChessBase"]
[SourceDate "2023.09.30"]
[SourceVersion "1"]
[SourceVersionDate "2023.09.30"]
[SourceQuality "1"]

1. d4 Nf6 2. Bf4 e6 3. e3 b6 4. Nf3 Bb7 5. Nbd2 Be7 6. Bd3 d5 7. Ne5 0-0 8. 0-0 c5 9. c3 Nbd7 10. Re1 Nxe5 11. Bxe5 Ne4 12. Qc2 Nxd2 13. Qxd2 Bf6 14. Bg3 cxd4 15. exd4 Bg5 16. Bf4 Bf6 17. Re2 a6 18. Rae1 Qe7 19. Qe3 b5 20. Qh3 g6 21. Be5 Bxe5 22. Rxe5 b4 23. R1e3 h5 24. Rg3 Kh8 25. Rxh5+ Kg7 26. Rh7+ Kf6 27. Qh4+ 1-0